000
00283nam a22001217a 4500
020
_a
0-07-014892-9
082
_a
621 CUL'P
100
_a
CULP, ARCHIVE W
_9
75717
245
_a
PRINCIPLES OF ENERGY CONVERSION
260
_a
NEWYORK
_b
MCGRAW HILL
_c
1979
300
_a
499P
942
_c
BK
999
_c
581110
_d
581110